Motion Based Object Detection in Video
Uložené v:
| Hlavný autor: | |
|---|---|
| Ďalší autori: | |
| Médium: | Rukopis Kniha |
| Jazyk: | Slovak English |
| Vydavateľské údaje: |
2019
|
| Predmet: | |
| On-line prístup: | http://is.stuba.sk/zp/portal_zp.pl?podrobnosti=145553 |
| Tagy: |
Žiadne tagy, Buďte prvý, kto otaguje tento záznam!
|
MARC
| LEADER | 00000ntm a22000003a 4500 | ||
|---|---|---|---|
| 001 | stuzp75001 | ||
| 003 | SK-STU | ||
| 005 | 20200629123152.0 | ||
| 007 | ta | ||
| 008 | 150427s2015----xo-----f-mn---000-0-slo-d | ||
| 040 | |a STU |b slo | ||
| 041 | 0 | |a eng | |
| 044 | |a xo | ||
| 100 | 1 | |a Novák, Daniel |u 070200 |k Z4 |4 aut |U FIIT Fakulta informatiky a informačných technológií |T FIIT Ústav informatiky, informačných systémov a softvérového inžinierstva |X 72267 |U I200 |Y 179 |7 72267 | |
| 242 | 0 | 1 | |a Rozpoznávanie pohybujúcich sa objektov vo videu |y slo |
| 245 | 1 | 0 | |a Motion Based Object Detection in Video |
| 260 | |c 2019 | ||
| 650 | 4 | |a počítačové videnie |2 slo | |
| 650 | 4 | |a detekcia kolízií |2 slo | |
| 650 | 4 | |a detekcia objektov vo videu |2 slo | |
| 650 | 4 | |a systém VAR |2 slo | |
| 650 | 4 | |a computer vision |2 eng | |
| 650 | 4 | |a object detection in video |2 eng | |
| 650 | 4 | |a collision detection |2 eng | |
| 650 | 4 | |a VAR system |2 eng | |
| 700 | 1 | |a Šurek, Marek |4 ths |X 64466 |7 A000064466 | |
| 856 | 4 | |u http://is.stuba.sk/zp/portal_zp.pl?podrobnosti=145553 | |
| 996 | |c I*DP108/19 |l II680 |s P |a 0 |w stuzp75001_0001 | ||